| 000 | 00569cam a2200217 4500 | ||
|---|---|---|---|
| 008 | 090401t1982 xxu||||| |||| 00| 0 eng d | ||
| 020 | _a0711457166 | ||
| 035 | _a(Sirsi) u15072 | ||
| 041 | _aeng | ||
| 050 | _a690.026 | ||
| 245 | _aBuilding law reports. - Volume 18. | ||
| 260 |
_aLondon _bGeorge Godwin _c1982 |
||
| 300 | _avi,184p. ; 23cm. | ||
| 350 | _a0 | ||
| 650 | _aBUILDING INDUSTRY | ||
| 650 | _aLAW REPORTS | ||
| 690 | _aBUILDING AND CONSTRUCTION-CASE LAW | ||
| 700 |
_aLLoyd, Humphrey Reese, Colin, _xEditor |
||
| 942 | _n0 | ||
| 948 | _c04/03/1997 | ||
| 999 |
_c87248 _d87248 |
||